[Event "EU-ch Seniors 08th"]
[Site "Davos"]
[Date "2008.08.17"]
[Round "9"]
[White "Seuss, Oswald"]
[Black "Thieme, Hans"]
[Result "1-0"]
[WhiteElo "2198"]
[BlackElo "2107"]
[PlyCount "79"]
[EventDate "2008.08.09"]
[EventType "swiss"]
[EventRounds "9"]
[EventCountry "SUI"]
[SourceTitle "CBM 126 Extra"]
[Source "ChessBase"]
[SourceDate "2008.11.05"]
[SourceVersion "1"]
[SourceVersionDate "2008.11.05"]
[SourceQuality "1"]

1. e4 c5 2. Nf3 e6 3. c3 d5 4. exd5 exd5 5. d4 Nc6 6. Be3 cxd4 7. Nxd4 Be7 8. Nd2 Nf6 9. Be2 0-0 10. 0-0 Re8 11. Bf3 Ne5 12. Be2 a6 13. N4f3 Nc6 14. h3 Qc7 15. Nb3 Bd7 16. Re1 Rad8 17. Qd3 Bc8 18. Rad1 Ne4 19. Nbd4 Kh8 20. Qc2 f5 21. Bd3 Rf8 22. Nxc6 bxc6 23. Bd4 Bd6 24. b4 c5 25. bxc5 Bxc5 26. Ne5 Bd6 27. f4 Bc5 28. Kh2 Rd6 29. Rb1 Qa7 30. Nf3 Kg8 31. Qb3 Be6 32. Qb7 Bxd4 33. cxd4 Rf7 34. Qxa7 Rxa7 35. Rb8+ Kf7 36. Reb1 g6 37. R1b6 a5 38. Bxe4 Rxb6 39. Rxb6 dxe4 40. Ng5+ 1-0

[Event "EU-chT Seniors 10th"]
[Site "Dresden"]
[Date "2008.02.13"]
[Round "3.4"]
[White "Seuss, Oswald"]
[Black "Olesen, Poul Erik Norgaard"]
[Result "1-0"]
[WhiteElo "2170"]
[BlackElo "2067"]
[PlyCount "81"]
[EventDate "2008.02.11"]
[EventType "team-swiss"]
[EventRounds "9"]
[EventCountry "GER"]
[SourceTitle "CBM 122 Extra"]
[Source "ChessBase"]
[SourceDate "2008.03.04"]
[SourceVersion "1"]
[SourceVersionDate "2008.03.04"]
[SourceQuality "1"]
[WhiteTeam "Wien"]
[BlackTeam "Denmark"]
[WhiteTeamCountry "AUT"]
[BlackTeamCountry "DEN"]

1. e4 e5 2. Nf3 d6 3. d4 exd4 4. Qxd4 a6 5. Bf4 Nc6 6. Qd2 Be7 7. Nc3 Nf6 8. 0-0-0 0-0 9. Bd3 Be6 10. Qe2 Qc8 11. h3 Nb4 12. a3 Nxd3+ 13. Qxd3 b5 14. Nd5 Bd8 15. g4 Re8 16. Rhe1 Nd7 17. Nd4 Nc5 18. Qf3 Qb7 19. Nf5 a5 20. e5 Bxd5 21. Rxd5 b4 22. Red1 dxe5 23. Bxe5 Rxe5 24. Rxd8+ Re8 25. Qxb7 Nxb7 26. Rxa8 Rxa8 27. axb4 axb4 28. Rd7 Nd6 29. Nxd6 cxd6 30. Rxd6 Rb8 31. Kd2 Kf8 32. Kd3 Ke7 33. Rd4 Rb5 34. f4 h5 35. Kc4 Rb7 36. Kb3 hxg4 37. hxg4 Kf6 38. Rxb4 Rxb4+ 39. Kxb4 g5 40. f5 Ke5 41. c4 1-0

[Event "Wch Seniors 17th"]
[Site "Gmunden"]
[Date "2007.09.25"]
[Round "8"]
[White "Seuss, Oswald"]
[Black "Ljubarskij, Jurij"]
[Result "0-1"]
[WhiteElo "2187"]
[BlackElo "2298"]
[PlyCount "61"]
[EventDate "2007.09.17"]
[EventType "swiss"]
[EventRounds "11"]
[EventCountry "AUT"]
[SourceTitle "CBM 120 Extra"]
[Source "ChessBase"]
[SourceDate "2007.11.01"]
[SourceVersion "1"]
[SourceVersionDate "2007.11.01"]
[SourceQuality "1"]

1. e4 e5 2. Nf3 Nc6 3. Bb5 a6 4. Ba4 Nf6 5. 0-0 Be7 6. Re1 b5 7. Bb3 0-0 8. h3 Bb7 9. d3 d6 10. a3 Na5 11. Ba2 c5 12. Nbd2 h6 13. Nf1 Re8 14. Ng3 Bf8 15. c3 Qc7 16. b4 Nc6 17. Bb2 a5 18. Qd2 Rad8 19. Rac1 d5 20. exd5 Nxd5 21. bxc5 Nf4 22. d4 Bxc5 23. Qc2 Bb6 24. Rcd1 Nxd4 25. Nxd4 exd4 26. Rxe8+ Rxe8 27. Qf5 d3 28. Qxb5 Nxh3+ 29. Kh2 Re5 30. Qc4 Nxf2 31. Rf1 0-1

[Event "Wch Seniors 17th"]
[Site "Gmunden"]
[Date "2007.09.18"]
[Round "2"]
[White "Klovans, Janis"]
[Black "Seuss, Oswald"]
[Result "1/2-1/2"]
[WhiteElo "2446"]
[BlackElo "2187"]
[PlyCount "66"]
[EventDate "2007.09.17"]
[EventType "swiss"]
[EventRounds "11"]
[EventCountry "AUT"]
[SourceTitle "CBM 120 Extra"]
[Source "ChessBase"]
[SourceDate "2007.11.01"]
[SourceVersion "1"]
[SourceVersionDate "2007.11.01"]
[SourceQuality "1"]

1. e4 c5 2. Nf3 Nc6 3. d4 cxd4 4. Nxd4 g6 5. Nc3 Bg7 6. Be3 Nf6 7. Bc4 0-0 8. Bb3 a5 9. f3 d5 10. Bxd5 Nxd5 11. exd5 Nb4 12. Nde2 Bf5 13. Rc1 b5 14. a3 Nxc2+ 15. Rxc2 Bxc2 16. Qxc2 b4 17. Na4 Qxd5 18. Nb6 Qe6 19. Kf2 Rab8 20. Nf4 Qa2 21. axb4 axb4 22. Nfd5 b3 23. Nxe7+ Kh8 24. Qe4 Qxb2+ 25. Kg3 f5 26. Qh4 f4+ 27. Kh3 Qc2 28. Rc1 Qd3 29. Rc6 fxe3 30. Nxg6+ Kg8 31. Ne7+ Kh8 32. Ng6+ Kg8 33. Ne7+ Kh8 1/2-1/2

[Event "EU-chT Seniors 09th"]
[Site "Dresden"]
[Date "2007.02.20"]
[Round "5"]
[White "Seuss, Oswald"]
[Black "Krueger, Erich"]
[Result "0-1"]
[WhiteElo "2172"]
[BlackElo "2196"]
[PlyCount "66"]
[EventDate "2007.02.16"]
[EventType "team-swiss"]
[EventRounds "9"]
[EventCountry "GER"]
[SourceTitle "CBM 117 Extra"]
[Source "ChessBase"]
[SourceDate "2007.05.09"]
[SourceVersion "1"]
[SourceVersionDate "2007.05.09"]
[SourceQuality "1"]

1. e4 c6 2. d4 d5 3. exd5 cxd5 4. Bd3 Nc6 5. c3 Nf6 6. h3 e5 7. dxe5 Nxe5 8. Qe2 Qe7 9. Bb5+ Bd7 10. Be3 a6 11. Bxd7+ Nfxd7 12. Nd2 Qe6 13. Ngf3 Bc5 14. Nxe5 Nxe5 15. 0-0-0 Bxe3 16. Qxe3 0-0 17. Rhe1 Rfe8 18. h4 Ng6 19. Qxe6 fxe6 20. g3 e5 21. h5 Nf8 22. Nb3 Rad8 23. Nc5 Re7 24. Rd2 Kf7 25. Red1 d4 26. Ne4 Rc7 27. Kb1 dxc3 28. Nxc3 Rxd2 29. Rxd2 Rd7 30. Kc2 Kf6 31. g4 Kg5 32. Re2 Kxg4 33. Re4+ Kf5 0-1

[Event "Graz op"]
[Site "Graz"]
[Date "2006.09.23"]
[Round "8"]
[White "Sachsenhofer, Michael"]
[Black "Seuss, Oswald"]
[Result "1/2-1/2"]
[WhiteElo "2140"]
[BlackElo "2154"]
[PlyCount "58"]
[EventDate "2006.09.16"]
[EventType "swiss"]
[EventRounds "9"]
[EventCountry "AUT"]
[SourceTitle "CBM 114 Extra"]
[Source "ChessBase"]
[SourceDate "2006.11.03"]
[SourceVersion "1"]
[SourceVersionDate "2006.11.03"]
[SourceQuality "1"]

1. e4 c5 2. Nc3 Nc6 3. g3 g6 4. Bg2 Bg7 5. d3 e6 6. Be3 d6 7. Nge2 Nge7 8. 0-0 0-0 9. Qd2 Nd4 10. Nd1 Rb8 11. Nf4 e5 12. Nd5 Nxd5 13. exd5 Bh3 14. c3 Bxg2 15. Kxg2 Nf5 16. Qe2 Nxe3+ 17. fxe3 f5 18. e4 Qg5 19. Ne3 f4 20. Qg4 Qxg4 21. Nxg4 h5 22. Nf2 Bh6 23. g4 Kf7 24. gxh5 gxh5 25. Kf3 Bg5 26. Nh3 Be7 27. Rg1 Rg8 28. Rxg8 Rxg8 29. Rg1 Rxg1 1/2-1/2

[Event "Graz op"]
[Site "Graz"]
[Date "2006.09.22"]
[Round "7"]
[White "Seuss, Oswald"]
[Black "Pilaj, Herwig"]
[Result "0-1"]
[WhiteElo "2154"]
[BlackElo "2380"]
[PlyCount "108"]
[EventDate "2006.09.16"]
[EventType "swiss"]
[EventRounds "9"]
[EventCountry "AUT"]
[SourceTitle "CBM 114 Extra"]
[Source "ChessBase"]
[SourceDate "2006.11.03"]
[SourceVersion "1"]
[SourceVersionDate "2006.11.03"]
[SourceQuality "1"]

1. e4 c5 2. Nf3 d6 3. d4 cxd4 4. Nxd4 Nf6 5. Nc3 Nc6 6. Be2 e6 7. 0-0 Be7 8. Be3 0-0 9. Nb3 a6 10. a4 b6 11. f4 Qc7 12. Qd2 Rb8 13. Bf3 Re8 14. g4 Na5 15. Nxa5 bxa5 16. g5 Nd7 17. Nd1 Bb7 18. Nf2 Rbc8 19. c3 Bf8 20. Rfd1 Nb6 21. Qe2 Rb8 22. Bc1 Bc6 23. Qc2 Qb7 24. b3 Nd7 25. Ba3 Qxb3 26. Qxb3 Rxb3 27. Bxd6 Rxc3 28. Be2 Nc5 29. e5 Re3 30. Kf1 Ne4 31. Rd4 Nxd6 32. exd6 Bd5 33. Ng4 Rc3 34. d7 Rd8 35. Ne5 f6 36. gxf6 gxf6 37. Ng4 Kf7 38. Bxa6 Rxd7 39. Rad1 Rdc7 40. R4d3 Rxd3 41. Rxd3 Bc4 42. Bxc4 Rxc4 43. Rd7+ Be7 44. Nh6+ Kf8 45. Kg2 Rxf4 46. Kg3 Rxa4 47. h4 f5 48. h5 Re4 49. Ra7 Kg7 50. Ng8 Kxg8 51. Rxe7 h6 52. Ra7 a4 53. Kf3 Rh4 54. Ke3 e5 0-1

[Event "Graz op"]
[Site "Graz"]
[Date "2006.09.20"]
[Round "5"]
[White "Cojhter, Karl"]
[Black "Seuss, Oswald"]
[Result "0-1"]
[WhiteElo "2089"]
[BlackElo "2154"]
[PlyCount "68"]
[EventDate "2006.09.16"]
[EventType "swiss"]
[EventRounds "9"]
[EventCountry "AUT"]
[SourceTitle "CBM 114 Extra"]
[Source "ChessBase"]
[SourceDate "2006.11.03"]
[SourceVersion "1"]
[SourceVersionDate "2006.11.03"]
[SourceQuality "1"]

1. e4 c5 2. Nf3 Nc6 3. c3 d5 4. exd5 Qxd5 5. d4 Bg4 6. Be2 cxd4 7. cxd4 e6 8. Nc3 Qa5 9. 0-0 Nf6 10. a3 Bd6 11. h3 Bh5 12. Be3 0-0 13. Qb3 Rab8 14. Rfd1 Nd5 15. Nxd5 exd5 16. Qa2 Rfd8 17. b4 Qb6 18. Kf1 Ne7 19. g4 Bg6 20. Ne5 Rbc8 21. Nxg6 hxg6 22. Bf3 a5 23. bxa5 Qxa5 24. Rdb1 Rc7 25. Be2 Ra8 26. a4 Bb4 27. Rb3 Nc6 28. Qb2 Ra7 29. Bb5 Bd6 30. Be2 Re7 31. Rb5 Qc7 32. Qc3 Bf4 33. Bxf4 Qxf4 34. Rxd5 Rxe2 0-1

[Event "EU-chT Seniors 08th"]
[Site "Dresden"]
[Date "2006.02.22"]
[Round "6"]
[White "Kahn, Peter"]
[Black "Seuss, Oswald"]
[Result "0-1"]
[WhiteElo "2162"]
[BlackElo "2113"]
[PlyCount "47"]
[EventDate "2006.02.17"]
[EventType "team-swiss"]
[EventRounds "8"]
[EventCountry "GER"]
[SourceTitle "CBM 111 Extra"]
[Source "ChessBase"]
[SourceDate "2006.05.09"]
[SourceVersion "1"]
[SourceVersionDate "2006.05.09"]
[SourceQuality "1"]
[WhiteTeam "Sachsen"]
[BlackTeam "Vienna"]
[WhiteTeamCountry "GER"]
[BlackTeamCountry "AUT"]

1. e4 c5 2. c3 d5 3. exd5 Qxd5 4. d4 Nf6 5. Nf3 e6 6. Be2 Nc6 7. 0-0 cxd4 8. cxd4 Be7 9. Nc3 Qd6 10. Nb5 Qd8 11. Bf4 Nd5 12. Bg3 a6 13. Nc3 0-0 14. Rc1 f5 15. Nxd5 exd5 16. Be5 Be6 17. Bd3 Nxe5 18. dxe5 Qb6 19. Qe2 Rac8 20. a3 a5 21. Bb1 d4 22. Bd3 Rfd8 23. Bc4 Bxc4 24. Rxc4 0-1

[Event "Vienna-ch"]
[Site "Vienna"]
[Date "2005.10.30"]
[Round "9"]
[White "Ernst, Michael"]
[Black "Seuss, Oswald"]
[Result "1-0"]
[WhiteElo "2181"]
[BlackElo "2080"]
[PlyCount "157"]
[EventDate "2005.10.22"]
[EventType "swiss"]
[EventRounds "9"]
[EventCountry "AUT"]
[SourceTitle "EXT 2007"]
[Source "ChessBase"]
[SourceDate "2006.11.23"]
[SourceVersion "1"]
[SourceVersionDate "2006.11.23"]
[SourceQuality "1"]

1. d4 Nf6 2. c4 g6 3. Nc3 Bg7 4. e4 d6 5. Nf3 0-0 6. Be2 e5 7. 0-0 Nc6 8. d5 Ne7 9. Ne1 Nd7 10. Be3 f5 11. f3 f4 12. Bf2 g5 13. Rc1 Ng6 14. c5 Nxc5 15. b4 Na6 16. Nb5 Bd7 17. Nxa7 Qb8 18. Bb5 Rf7 19. Bxa6 Rxa7 20. Bc4 Ra8 21. Qc2 Bf6 22. Bb3 Bb5 23. Nd3 Qe8 24. Rfd1 h5 25. Nb2 Bd8 26. a4 Bd7 27. a5 g4 28. Ba4 b5 29. axb6 Bxa4 30. Nxa4 Rxa4 31. b7 Rxb4 32. Rb1 Rxb7 33. Rxb7 Qe7 34. Kf1 Nh4 35. Ke2 Rg7 36. Rg1 gxf3+ 37. gxf3 Rxg1 38. Bxg1 Qg5 39. Kf1 Nxf3 40. Qg2 Nxg1 41. Qxg5+ Bxg5 42. Kxg1 Kf7 43. Rxc7+ Be7 44. Kf2 Ke8 45. Ke2 Kf7 46. Kd3 Ke8 47. Ra7 Kf7 48. Kc4 Ke8 49. Ra3 Bd8 50. Rh3 h4 51. Kb5 Kd7 52. Ra3 Be7 53. Ra7+ Ke8 54. Kc6 Kf7 55. Kd7 Bf8 56. Ra3 Kf6 57. Rb3 Kf7 58. Kc6 Kg6 59. Kb5 Be7 60. Kc4 Bd8 61. Kd3 Kg5 62. Ke2 Ba5 63. Kf3 h3 64. Rb5 Bc3 65. Rb8 Bd4 66. Rg8+ Kf6 67. Rh8 Bc5 68. Rxh3 Kg5 69. Rh8 Kg6 70. Kg4 Kg7 71. Rc8 Kg6 72. h4 Bb4 73. Rc7 Ba3 74. h5+ Kh6 75. Rf7 Bb4 76. Rf6+ Kg7 77. Kg5 Ba3 78. h6+ Kg8 79. Kg6 1-0

[Event "Vienna-ch"]
[Site "Vienna"]
[Date "2005.10.22"]
[Round "1"]
[White "Weissel, Georg"]
[Black "Seuss, Oswald"]
[Result "1/2-1/2"]
[WhiteElo "2158"]
[BlackElo "2080"]
[PlyCount "50"]
[EventDate "2005.10.22"]
[EventType "swiss"]
[EventRounds "9"]
[EventCountry "AUT"]
[SourceTitle "EXT 2007"]
[Source "ChessBase"]
[SourceDate "2006.11.23"]
[SourceVersion "1"]
[SourceVersionDate "2006.11.23"]
[SourceQuality "1"]

1. d4 Nf6 2. c4 g6 3. Nc3 Bg7 4. e4 d6 5. f4 0-0 6. Nf3 Na6 7. Bd3 Bg4 8. 0-0 e5 9. fxe5 Nd7 10. Be3 c5 11. dxc5 dxc5 12. Be2 Nxe5 13. Qb3 Nxf3+ 14. gxf3 Bh3 15. Rfd1 Bd4 16. Nd5 Qg5+ 17. Kf2 Qh4+ 18. Kg1 Qg5+ 19. Kf2 Qg2+ 20. Ke1 Qxh2 21. Rxd4 Qh1+ 22. Kf2 Qg2+ 23. Ke1 Qh1+ 24. Kf2 Qg2+ 25. Ke1 Qh1+ 1/2-1/2

[Event "Wch Seniors 15th"]
[Site "Lignano Sabbiadoro"]
[Date "2005.10.09"]
[Round "11"]
[White "Seuss, Oswald"]
[Black "Titz, Heimo"]
[Result "0-1"]
[WhiteElo "2080"]
[BlackElo "2184"]
[PlyCount "138"]
[EventDate "2005.09.28"]
[EventType "swiss"]
[EventRounds "11"]
[EventCountry "ITA"]
[SourceTitle "CBM 108 Extra"]
[Source "ChessBase"]
[SourceDate "2005.11.04"]
[SourceVersion "1"]
[SourceVersionDate "2005.11.04"]
[SourceQuality "1"]

1. e4 c5 2. c3 d5 3. exd5 Qxd5 4. d4 Nf6 5. Nf3 e6 6. Be3 cxd4 7. cxd4 Nc6 8. Nc3 Qd6 9. a3 Be7 10. Bd3 b6 11. 0-0 0-0 12. Qe2 Bb7 13. Rad1 Rac8 14. Bb1 Rfe8 15. Rfe1 Qb8 16. h3 Na5 17. Ng5 Bxa3 18. Nce4 Bxe4 19. Nxe4 Nxe4 20. Bxe4 Bf8 21. d5 Rcd8 22. dxe6 Rxe6 23. Bd5 Ree8 24. Qf3 Qc7 25. Rc1 Qd7 26. Red1 Bd6 27. Bg5 Rc8 28. Bd2 Rxc1 29. Rxc1 Rb8 30. Bxa5 bxa5 31. b3 g6 32. g3 Qe7 33. Rc6 Rd8 34. Rc4 Kg7 35. Re4 Qf6 36. Qxf6+ Kxf6 37. Bc6 Be5 38. Re2 Rd3 39. Ba4 h5 40. Kg2 h4 41. gxh4 Rd4 42. Re3 Rxh4 43. Rf3+ Ke6 44. Be8 Bf4 45. Rd3 Rh8 46. Bb5 f6 47. Bc4+ Ke7 48. Bb5 Rb8 49. Rd7+ Ke6 50. Ba4 Rxb3 51. Rxa7 Rb2 52. Rxa5 Be3 53. Kf3 Bxf2 54. Be8 g5 55. Bg6 Bb6 56. Ra6 f5 57. Kg3 Rb3+ 58. Kg2 Ke5 59. Ra1 Rb2+ 60. Kg3 Kf6 61. Bh5 Bc7+ 62. Kf3 Rh2 63. Be8 Rxh3+ 64. Kf2 g4 65. Bc6 Rc3 66. Bb7 Kg5 67. Ra2 Bb6+ 68. Kg2 f4 69. Rb2 f3+ 0-1

[Event "Wch Seniors 15th"]
[Site "Lignano Sabbiadoro"]
[Date "2005.10.01"]
[Round "4"]
[White "Smits, Oswald"]
[Black "Seuss, Oswald"]
[Result "0-1"]
[WhiteElo "1962"]
[BlackElo "2080"]
[PlyCount "144"]
[EventDate "2005.09.28"]
[EventType "swiss"]
[EventRounds "11"]
[EventCountry "ITA"]
[SourceTitle "CBM 108 Extra"]
[Source "ChessBase"]
[SourceDate "2005.11.04"]
[SourceVersion "1"]
[SourceVersionDate "2005.11.04"]
[SourceQuality "1"]

1. d4 Nf6 2. c4 g6 3. Nc3 Bg7 4. e4 d6 5. Nf3 0-0 6. Be2 e5 7. dxe5 dxe5 8. Qxd8 Rxd8 9. Bg5 Re8 10. Nb5 Na6 11. Nd2 c6 12. Nd6 Rd8 13. Nxc8 Raxc8 14. 0-0 Nb4 15. f3 h6 16. Bxf6 Bxf6 17. Nb3 Bg5 18. g3 Be3+ 19. Kg2 a5 20. a4 Nc2 21. Rab1 b6 22. Kh3 Bd4 23. f4 Kg7 24. Rf3 c5 25. f5 Rc6 26. g4 Rcd6 27. Nc1 Be3 28. Nb3 Bg5 29. Kg3 Nd4 30. Nxd4 Rxd4 31. fxg6 fxg6 32. Rb3 R8d6 33. h4 Rxe4 34. hxg5 Rxe2 35. gxh6+ Kxh6 36. Kf3 Rc2 37. Re3 Rxc4 38. Rxe5 Rd3+ 39. Ke2 Rb3 40. Rh1+ Kg7 41. g5 Rxb2+ 42. Kd3 Rd4+ 43. Kc3 Rf2 44. Re6 Rf3+ 45. Kc2 Rd5 46. Rxb6 Rxg5 47. Rb5 Rg2+ 48. Kb1 c4 49. Rc1 c3 50. Rxa5 Rb2+ 51. Ka1 Rb4 52. Rc2 Kf6 53. Ka2 g5 54. Ka3 Rc4 55. Ra8 Ke5 56. Kb3 Rc7 57. Re2+ Kd4 58. Rd8+ Kc5 59. Re5+ Kb6 60. Rb5+ Ka7 61. Ra5+ Kb7 62. Rb5+ Kc6 63. Kc2 g4 64. Rg8 g3 65. Rbg5 Re7 66. Rc8+ Rc7 67. Rcg8 Kd7 68. R5g7+ Kd6 69. Rd8+ Kc6 70. Rg6+ Kb7 71. Rdg8 Rf2+ 72. Kc1 c2 0-1

[Event "AUT-chT"]
[Site "Austria"]
[Date "1994.??.??"]
[Round "?"]
[White "Maierhofer, Johann"]
[Black "Seuss, Oswald"]
[Result "1-0"]
[WhiteElo "2025"]
[BlackElo "2130"]
[PlyCount "83"]
[EventDate "1994.??.??"]
[EventType "team"]
[EventRounds "11"]
[EventCountry "AUT"]
[SourceTitle "TD"]
[Source "ChessBase"]
[SourceDate "1994.03.01"]
[SourceVersion "1"]
[SourceVersionDate "1994.03.01"]
[SourceQuality "1"]

1. d4 Nf6 2. Bg5 e6 3. c4 h6 4. Bh4 b6 5. Nc3 Bb4 6. f3 Bxc3+ 7. bxc3 d5 8. e3 Bb7 9. Bd3 Nbd7 10. Ne2 0-0 11. 0-0 c5 12. Qd2 Qe7 13. a4 Rfc8 14. Rfc1 g5 15. Bg3 Nh5 16. Bf2 dxc4 17. Bxc4 Rd8 18. e4 Ne5 19. Bb3 Ba6 20. Qe3 Nd3 21. Rd1 Nxf2 22. Kxf2 Bxe2 23. Kxe2 Nf4+ 24. Kf2 Rac8 25. g3 cxd4 26. cxd4 Qb4 27. Rac1 Ng6 28. Rxc8 Rxc8 29. Rd3 Qa3 30. Qd2 Qa1 31. Bd1 Rc1 32. Ke3 f5 33. exf5 exf5 34. f4 Rc8 35. Kf2 Ne7 36. d5 Qf6 37. d6 Nc6 38. Bb3+ Kf8 39. d7 Rd8 40. Rd6 Qe7 41. Qd5 Qg7 42. Qxf5+ 1-0